00305nam a2200097Ia 4500008004100000041000800041100002700049245007500076260003700151999001900188241105s9999 xx 000 0 und d aeng aGoswami Ragini9182272 aReducing Environmental Impact by Use of Alternative Building Materials bM.Arch Environmental, Punec2012 c360559d360559